Tottenham Hotspur - Aktualny skład 2023/2024 - Statystyki

Ogólne statystyki
  • Ten quiz został rozwiązany 169 razy
  • Średni wynik to 20 z 35
Statystyki odpowiedzi
Nr na koszulce Odpowiedź % Poprawnych
#7 Heung-min Son
100%
#13 Guglielmo Vicario
87%
#10 James Maddison
87%
#1 Hugo Lloris
86%
#9 Richarlison
86%
#21 Dejan Kulusevski
85%
#23 Pedro Porro
81%
#37 Micky van de Ven
78%
#17 Cristian Romero
77%
#33 Ben Davies
73%
#29 Pape Matar Sarr
73%
#38 Destiny Udogie
71%
#8 Yves Bissouma
68%
#30 Rodrigo Bentancur
67%
#5 Pierre-Emile Hojbjerg
66%
#12 Emerson Royal
65%
#15 Eric Dier
62%
#22 Brennan Johnson
58%
#4 Oliver Skipp
58%
#18 Giovani Lo Celso
52%
Trener Ange Postecoglou
51%
#11 Bryan Gil
49%
#20 Fraser Forster
46%
#42 Harvey White
41%
#36 Alejo Véliz
37%
#41 Alfie Whiteman
37%
#14 Ivan Perišić
37%
#40 Brandon Austin
33%
#27 Manor Solomon
32%
#19 Ryan Sessegnon
32%
#24 Djed Spence
25%
#3 Sergio Reguilón
24%
#35 Ashley Phillips
23%
#25 Japhet Tanganga
22%
#28 Tanguy Ndombele
15%
Nie znaleziono quizów pasujących do podanych kryteriów
Rozkład punktacji
Procent ludzi z każdym wynikiem
Percentyl według liczby udzielonych odpowiedzi
Twoja historia wyników
Nie rozwiązałeś tego quizu